000 00355nam a2200133Ia 4500
008 231129s1997||||xx |||||||||||||| ||spa||
020 _a84-8055-057-0
040 _bspa
082 _aR 581.022 A881
245 0 _aAtlas de botanica : El mundo de las plantas
260 _c1997
264 _aCultural
942 _2ddc
_cBKS
999 _c5792
_d5792